| 000 | 01596nam0a22003371 4500 | ||
|---|---|---|---|
| 001 | v19\rc\1669290 | ||
| 005 | 20260406054652.0 | ||
| 035 | _a(NLR Aleph) 005242782 | ||
| 090 |
_a5722119 _c5722119 |
||
| 100 | _a20061002d1893 |||y0rusy50 ca | ||
| 101 | 0 | _arus | |
| 102 | _aRU | ||
| 105 | _aa z |||cb | ||
| 200 | 1 |
_aТорквемада _e("Великий инквизитор") _eЕго жизнь и деятельность в связи с историей инквизиции _eБиогр. очерк. М. Барро _eС грав. карт. Каульбаха из истории инквизиции |
|
| 210 |
_aСанкт-Петербург _cтип. Ю.Н. Эрлих _d1893 |
||
| 215 |
_a78 с., 1 л. фронт. (ил.) _d18 |
||
| 225 | 1 | _aЖизнь замечательных людей. Биографическая библиотека Флорентия Павленкова | |
| 320 | _aБиблиогр.: Источники (с. 4) | ||
| 517 | 0 | _aВеликий инквизитор | |
| 700 | 1 |
_7ca _8rus _aБарро _bМ. В. _gМихаил Владиславович _9266201 _3RU\NLR\AUTH\770266257 |
|
| 702 | 1 |
_aКаульбах _bВ. _f1805-1874 _gВильгельм _4440 |
|
| 702 | 1 |
_4570 _8rus _7ca _aТорквемада _bТ. _fок.1420-1498 _gТомас _3RU\NLR\AUTH\779165 _9119023 |
|
| 801 | 2 |
_aRU _bNLR _c20070425 _2rusmarc |
|
| 801 | 0 |
_aRU _bNLR _c20061002 _gpsbo |
|
| 801 | 0 |
_aRU _bRuMoRGB _c20061002 _2psbo |
|
| 801 | 1 |
_aRU _bProSoft-M _c20061002 _2rusmarc |
|
| 852 |
_aNLR _j18.17.6.43 |
||
| 852 |
_aNLR _bМф _jК1/28437 |
||
| 942 | _cBOOK | ||
| 980 | _aNB | ||